Welcome to the Holygrace Academy Library

Please use search bar below to get started

THE HORK-BAJIR CHRONICLES (Record no. 5957)

MARC details
000 -LEADER
fixed length control field 00585nam a22001457a 4500
020 ## - INTERNATIONAL STANDARD BOOK NUMBER
ISBN 0-439-99652-X
082 ## - DEWEY DECIMAL CLASSIFICATION NUMBER
Classification number 823
Item number APP/H
100 ## - MAIN ENTRY--AUTHOR NAME
Personal name APPLEGATE, K A
245 ## - TITLE STATEMENT
Title THE HORK-BAJIR CHRONICLES
260 ## - PUBLICATION, DISTRIBUTION, ETC. (IMPRINT)
Place of publication LONDON
Name of publisher SCHOLASTIC CHILDREN'S BOOK
Year of publication 2000
300 ## - PHYSICAL DESCRIPTION
Number of Pages 214
520 ## - SUMMARY, ETC.
Summary, etc In the Earth year 1968, Aldrea and her family come to live on the Hork-Bajir homeworld after her father – formerly Prince – Seerow, is relieved of duty by Alloran and many other Andalites in 1966, who feel he is no longer fit to command them.
650 ## - SUBJECT ADDED ENTRY--TOPICAL TERM
Topical Term ADVENTURE
Geographic subdivision UNITED KINGDOM
942 ## - ADDED ENTRY ELEMENTS (KOHA)
Koha item type Books
Holdings
Withdrawn status Lost status Collection code Home library Current library Shelving location Date acquired Source of acquisition Full call number Accession Number Koha item type
    Fiction Main Library Main Library SHELF 15 H-HARRY POTTER(CHARACTERISATION),WIMPY KID,DORK DIARIES 28/01/2019 purchase 823 APP/H 10729 Books